Lithuania (1920-1938) County Map Quiz - Statistics

General Stats
  • This quiz has been taken 3 times
  • The average score is 25 of 36
Answers on the Map
Answers color-coded by a green-red scale on the quiz's map according to % correct below.
 
Answer Stats
County % Correct
Alytus
100%
Gardinas (Grodno)
100%
Kaunas
100%
Klaipėda (Memel)
100%
Marijampolė
100%
Panevėžys
100%
Šiauliai
100%
Trakai (Troki)
100%
Vilnius (Wilno)
100%
Ašmena (Oszmiany)
67%
Augustavas (Augustów)
67%
Biržai
67%
Breslauja (Braslaw)
67%
Kėdainiai
67%
Kretinga
67%
Lyda (Lida)
67%
Mažeikiai
67%
Pagėgiai (Pogegen)
67%
Raseiniai
67%
Rokiškis
67%
Šakiai
67%
Seinai (Sejny)
67%
Šilutė (Heydekrug)
67%
Suvalkai (Suwałki)
67%
Švenčionys (Święciany)
67%
Tauragė
67%
Telšiai
67%
Ukmergė
67%
Utena
67%
Vilkaviškis
67%
Zarasai
67%
Molodečnas (Mołodeczno)
33%
Ščiutinas (Szczuczyn)
33%
Sokolka (Sokółka)
33%
Vileika (Wilejka)
33%
Voložinas (Wołożyn)
33%
No matching quizzes found
Score Distribution
Percent of People with Each Score
Percentile by Number Answered
Your Score History
You have not taken this quiz